| 000 | 00451cam a2200181 4500 | ||
|---|---|---|---|
| 001 | D50 | ||
| 008 | 090401t1982 xxu||||| |||| 00| 0 eng d | ||
| 035 | _a(Sirsi) u34068 | ||
| 041 | _aeng | ||
| 050 | _a690.25 | ||
| 100 | _aAddleson, L. | ||
| 245 | _aBuilding failures: a guide to diagnosis, remedy and prevention | ||
| 260 |
_aLondon _bArchitectural Press _c1982 |
||
| 300 | _a117p. ill. 30cm | ||
| 350 | _a0 | ||
| 942 | _n0 | ||
| 948 | _c04/03/1997 | ||
| 999 |
_c89903 _d89903 |
||